| 000 | 00680nam a2200289Ia 4500 | ||
|---|---|---|---|
| 005 | 20260324135139.0 | ||
| 008 | 008 260324s9999 xx 000 0 eng d | ||
| 020 | _a9780203447567 | ||
| 037 | _aEBOOK | ||
| 040 | _aCRL | ||
| 040 | _beng | ||
| 040 | _cCRL | ||
| 041 | _2eng | ||
| 041 | _aeng | ||
| 084 | _qCRL | ||
| 100 |
_aFrank Mort _91199512 |
||
| 245 | 0 | _aDangerous Sexualities | |
| 245 | 0 | _bMedico-Moral Politics in England Since 1830 | |
| 260 | _bTaylor and Francis | ||
| 260 | _c2000 | ||
| 365 | _a | ||
| 365 | _b300 | ||
| 856 | _uhttp://www.taylorfrancis.com/books/9780203447567 | ||
| 942 | _cEBOOK | ||
| 999 |
_c1800282 _d1800282 |
||